|
|
|
|
| LEADER |
00000nab a2200000 ar4500 |
| 001 |
vtls010188676 |
| 003 |
SK-MaSNL |
| 005 |
20260305033313.0 |
| 008 |
171110c20101102xo dr|n|||||||000 b|slo |
| 038 |
|
|
|a SLLK
|
| 040 |
|
|
|a SLLK
|b slo
|c sllk
|e AACR2
|
| 041 |
0 |
|
|a slo
|
| 044 |
|
|
|a xo
|c SK
|
| 080 |
|
|
|a 796.332
|2 2001
|
| 100 |
1 |
|
|a Dic, Marián,
|d 1973-
|4 aut
|9 1022463
|
| 245 |
1 |
0 |
|a Staroľubovnianska rezerva si schuti zastrieľala proti Podolínčanom
|b dramatické súboje v poslednom kole jesene
|c Marián Dic ; foto: Štefan Gladiš
|
| 300 |
|
|
|b Fotogr., tab.
|
| 648 |
|
7 |
|a 2010
|2 snkbucl
|9 324355
|
| 650 |
0 |
7 |
|a šport
|2 snkbucl
|9 1042
|
| 650 |
0 |
7 |
|a futbal
|x okresné súťaže
|2 sllk
|9 1045657
|
| 651 |
|
7 |
|a Stará Ľubovňa (Slovensko : okres)
|2 sllk
|9 19196
|
| 700 |
1 |
|
|a Gladiš, Štefan
|4 pht
|4 aut
|9 1613418
|
| 773 |
0 |
|
|t Tatranský Korzár
|g Roč. XII, č. 252 (2.11.2010)
|x 1335-7573
|
| 773 |
0 |
|
|i Pril.
|t Ľubovniansky Korzár
|g Roč. II, č. 40 (2.11.2010), s. 8
|
| 852 |
|
|
|a SLLK
|b KIS3GCP
|
| 999 |
|
|
|c 3323749
|d 3325679
|